<?xml version="1.0" encoding="UTF-8"?>
<marc:record xmlns:marc="http://www.loc.gov/MARC21/slim">
   <marc:leader>00000nam a2200000 a 4500</marc:leader>
   <marc:datafield ind1="1" ind2=" " tag="100">
      <marc:subfield code="a">Pratchett, Terry</marc:subfield>
      <marc:subfield code="4">aut</marc:subfield>
      <marc:subfield code="e">Verfasser/-in</marc:subfield>
   </marc:datafield>
   <marc:datafield ind1="1" ind2=" " tag="100">
      <marc:subfield code="a">Brandhorst, Andreas</marc:subfield>
      <marc:subfield code="4">trl</marc:subfield>
      <marc:subfield code="e">Übersetzer/-in</marc:subfield>
   </marc:datafield>
   <marc:datafield ind1="1" ind2=" " tag="100">
      <marc:subfield code="a">Pratchett, Terry</marc:subfield>
   </marc:datafield>
   <marc:datafield ind1=" " ind2=" " tag="653">
      <marc:subfield code="a">Scheibenwelt</marc:subfield>
   </marc:datafield>
   <marc:datafield ind1=" " ind2=" " tag="653">
      <marc:subfield code="a">Klassiker</marc:subfield>
   </marc:datafield>
   <marc:datafield ind1=" " ind2=" " tag="653">
      <marc:subfield code="a">Softcover / Belletristik/Fantasy</marc:subfield>
   </marc:datafield>
   <marc:datafield ind1=" " ind2=" " tag="653">
      <marc:subfield code="a">2</marc:subfield>
   </marc:datafield>
   <marc:datafield ind1=" " ind2=" " tag="653">
      <marc:subfield code="a">Fantasy</marc:subfield>
   </marc:datafield>
   <marc:datafield ind1="0" ind2="0" tag="245">
      <marc:subfield code="a">Die Teppichvölker</marc:subfield>
   </marc:datafield>
   <marc:datafield ind1="0" ind2="0" tag="245">
      <marc:subfield code="b">Roman</marc:subfield>
   </marc:datafield>
   <marc:datafield ind1="0" ind2="0" tag="245">
      <marc:subfield code="c">Terry Pratchett. Ill. vom Großmeister höchstselbst und mit umfangreichem Bonusmaterial. Aus dem Engl. von Andreas Brandhorst</marc:subfield>
   </marc:datafield>
   <marc:datafield ind1=" " ind2="1" tag="264">
      <marc:subfield code="a">München</marc:subfield>
      <marc:subfield code="b">Piper</marc:subfield>
      <marc:subfield code="c">2014</marc:subfield>
   </marc:datafield>
   <marc:datafield ind1="1" ind2=" " tag="490">
      <marc:subfield code="a">Piper Fantasy</marc:subfield>
   </marc:datafield>
   <marc:datafield ind1=" " ind2=" " tag="250">
      <marc:subfield code="a">Dt. Erstausg.</marc:subfield>
   </marc:datafield>
   <marc:datafield ind1="1" ind2=" " tag="520">
      <marc:subfield code="a">Angaben aus der Verlagsmeldung

Die Teppichvölker : Illustriert vom Großmeister höchstselbst und umfangreichem Bonusmaterial The Carpet People / von Terry Pratchett

"Die Teppichvölker", Terry Pratchetts Debütroman, erschien erstmals 1971, lange bevor die Scheibenwelt ersonnen wurde. Nun liegt der zeitlose Klassiker erstmals in besonderer Ausstattung vor: komplett neu überarbeitet, illustriert von Terry Pratchett selbst und mit umfangreichem Bonusmaterial angereichert, begeistern die Abenteuer der Teppichbewohner wie nie zuvor.
Ein Epos von, nun ja, minimaler Größe: Am Anfang war eine endlose Fläche. Dann kam der Teppich - ohne ein Fusselchen zwischen den Fäden. Bald folgte der Staub, und daraus entstand alles. Kein Mensch ahnt, dass im Gewebe des Teppichs kriegerische Winzlinge hausen. Ein herabgefallener Zuckerwürfel dient als Steinbruch für Leckermäuler, zermalmende Schritte deuten auf einen Zornesausbruch des Dunklen Lords hin. Doch der größte Feind der Winzlinge ist ein Monster namens Staubsauger ... Die einzigartige Sammlerausgabe des Kultbuchs mit den Originalillustrationen des Autors und neuen Erzählungen!
</marc:subfield>
   </marc:datafield>
   <marc:datafield ind1=" " ind2=" " tag="020">
      <marc:subfield code="a">9783492703383</marc:subfield>
      <marc:subfield code="9">9783492703383</marc:subfield>
   </marc:datafield>
   <marc:datafield ind1=" " ind2=" " tag="020">
      <marc:subfield code="a">3492703380</marc:subfield>
      <marc:subfield code="9">3492703380</marc:subfield>
   </marc:datafield>
   <marc:datafield ind1=" " ind2=" " tag="041">
      <marc:subfield code="a">ger</marc:subfield>
   </marc:datafield>
   <marc:datafield ind1=" " ind2=" " tag="300">
      <marc:subfield code="a">277, [32 S.</marc:subfield>
   </marc:datafield>
</marc:record>
